00321nam a2200109Ia 4500008004100000082000800041100001800049245002800067942000600095952009500101999001500196240331s9999 xx 000 0 und d bSIV aSivasegaram,S 0aMarabum marxiavaathiyum cL 001040708LaWERCLbWERCLcSSCd2024-03-31l0o 331 SIVp4195r2024-03-31w2024-03-31yL c4746d4746